000 01095nam0a22002771 4500
001 rc\2961497
005 20250806210319.0
035 _a(NLR Aleph) 007108150
090 _a64839
_c64839
100 _a20110902d1943 u y0rusy50 ca
101 0 _arus
102 _aRU
105 _aa z |||||
200 1 _aИзготовление и реставрация автотракторных деталей
_e(Опыт рабты МТМ Чистовского зерносовхоза Сев.-Казахстан. обл.)
_fИнж. П.И. Чаусов, инж. М.Н. Гардберг
_gНар. ком. зерновод. и животновод. совхозов СССР
210 _aМосква
_cСельхозгиз
_d1943
215 _a24 с.
_cчерт.
_d20 см
300 _aБез обл.
700 1 _aЧаусов
_bП.И.
701 1 _aГардберг
_bМ.Н.
801 0 _aRU
_bNLR
_gpsbo
801 1 _aRU
_bELAR
_2rusmarc
852 _aNLR
_bС
_j20 Г-4/118
942 _cBOOK
945 _aРоссийская национальная библиотека
980 _aNB
980 _aBV